000 00401 a2200157 4500
001 61493
020 _a8572632492
040 _cAnchieta - Pituba
100 _aCamargo, Edilson de Barros
240 1 0 _aVestibulares resolvidos 2006
_lpor
245 1 0 _aVestibulares resolvidos 2006
300 _a98
362 0 _a2006
650 4 _a. Vestibulares / Exames de admissão em universidades
942 _cBK
999 _c61493
_d61493